|
|
|
|
| LEADER |
00000cam a22000004a 4500 |
| 001 |
musev2_80962 |
| 003 |
MdBmJHUP |
| 005 |
20230905052321.0 |
| 006 |
m o d |
| 007 |
cr||||||||nn|n |
| 008 |
151005s2014 xx o 00 0 eng d |
| 020 |
|
|
|a 9781575066615
|
| 035 |
|
|
|a (OCoLC)952747841
|
| 040 |
|
|
|a MdBmJHUP
|c MdBmJHUP
|
| 100 |
1 |
|
|a Kilmer, Anne Draffkorn.
|
| 245 |
1 |
0 |
|a Strings and Threads :
|b A Celebration of the Work of Anne Draffkorn Kilmer
|
| 264 |
|
1 |
|a Winona Lake :
|b Eisenbrauns,
|c 2014.
|
| 264 |
|
3 |
|a Baltimore, Md. :
|b Project MUSE,
|c 2021
|
| 264 |
|
4 |
|c ©2014.
|
| 300 |
|
|
|a 1 online resource (320 pages).
|
| 336 |
|
|
|a text
|b txt
|2 rdacontent
|
| 337 |
|
|
|a computer
|b c
|2 rdamedia
|
| 338 |
|
|
|a online resource
|b cr
|2 rdacarrier
|
| 505 |
0 |
|
|a Front Cover; Front Matter; Frontispiece; Title Page; Copyright Page; Contents; Preface; Abbreviations; Chapter 1; Chapter 2; Chapter 3; Chapter 4; Chapter 5; Chapter 6; Chapter 7; Chapter 8; Chapter 9; Chapter 10; Chapter 11; Chapter 12; Chapter 13; Chapter 14; Chapter 15; Chapter 16; Chapter 17; Bibliography of Honoree's Works; Index of Honoree's Works.
|
| 588 |
|
|
|a Description based on print version record.
|
| 650 |
|
4 |
|a Music archaeology
|z Middle East.
|
| 650 |
|
4 |
|a Music
|z Middle East
|x History and criticism.
|
| 650 |
|
4 |
|a Kilmer, Anne Draffkorn.
|
| 655 |
|
7 |
|a Electronic books.
|2 local
|
| 700 |
1 |
|
|a Heimpel, Wolfgang.
|
| 700 |
1 |
|
|a Frantz-Szabó, Gabriella.
|
| 710 |
2 |
|
|a Project Muse.
|e distributor
|
| 830 |
|
0 |
|a Book collections on Project MUSE.
|
| 856 |
4 |
0 |
|z Texto completo
|u https://projectmuse.uam.elogim.com/book/80962/
|
| 945 |
|
|
|a Project MUSE - Custom Collection
|